Animals and the Shaping of Modern Medicine (Record no. 33530)

MARC details
000 -LEADER
fixed length control field 00936nam a2200121Ia 4500
008 - FIXED-LENGTH DATA ELEMENTS--GENERAL INFORMATION
fixed length control field 220620s9999||||xx |||||||||||||| ||und||
100 ## - MAIN ENTRY--PERSONAL NAME
Personal name Woods, Abigail||Bresalier, Michael||Cassidy, Angela||Mason Dentinger, Rachel
245 #0 - TITLE STATEMENT
Title Animals and the Shaping of Modern Medicine
Remainder of title One Health and its Histories
546 ## - LANGUAGE NOTE
Language note English[eng]
650 ## - SUBJECT ADDED ENTRY--TOPICAL TERM
Topical term or geographic name entry element History of Science||History of Medicine||Modern History||Animal Welfare/Animal Ethics||Social History||Animal Ethics||Human health||Medical research||Biomedicine||Animal testing||Drug development||One Health||Public Health||Zoological gardens||Diseased Sheep||Tuberculosis||rickets||inter-war medicine||Calvin W. Schwabe||Echinococcus tapeworm||Healthy Cows||Parasitological Pursuit||Open Access||History||Veterinary medicine||Bioethics||Social & cultural history
856 ## - ELECTRONIC LOCATION AND ACCESS
Uniform Resource Identifier <a href="https://library.oapen.org/bitstream/20.500.12657/42900/1/2018_Book_AnimalsAndTheShapingOfModernMe.pdf">https://library.oapen.org/bitstream/20.500.12657/42900/1/2018_Book_AnimalsAndTheShapingOfModernMe.pdf</a>
942 ## - ADDED ENTRY ELEMENTS (KOHA)
Koha item type E-Books
Holdings
Withdrawn status Lost status Damaged status Not for loan Home library Current library Date acquired Total Checkouts Date last seen Price effective from Koha item type
        Kerala University of Digital Sciences, Innovation and Technology Knowledge Centre Kerala University of Digital Sciences, Innovation and Technology Knowledge Centre 20/06/2022   20/06/2022 20/06/2022 E-Books